Statistics for American TV Couples Quiz

Click here to take the quiz!

General Stats

  • This quiz has been taken 82,712 times
    (25,303 since last reset)
  • The average score is 13 of 26

Answer Stats

CoupleTV Show% Correct
Chandler & MonicaFriends
96%
Homer & MargeThe Simpsons
95%
Fred & WilmaThe Flintstones
79%
Lois & PeterFamily Guy
74%
Pam & JimThe Office
72%
Morticia & GomezThe Addams Family
71%
Barney & RobinHow I Met Your Mother
65%
Meredith & DerekGrey's Anatomy
49%
Al & PegMarried... With Children
49%
Sam & DianeCheers
48%
Daphne & NilesFrasier
48%
Cory & TopangaBoy Meets World
47%
Dylan & BrendaBeverly Hills, 90210
37%
Tim & JillHome Improvement
37%
Fred & EthelI Love Lucy
37%
Slater & JessieSaved by the Bell
37%
Tony & CarmelaThe Sopranos
37%
Archie & EdithAll in the Family
36%
Samantha & DarrinBewitched
35%
Mike & CarolThe Brady Bunch
34%
Finn & RachelGlee
33%
Joey & PaceyDawson's Creek
31%
Kevin & WinnieThe Wonder Years
31%
Ralph & AliceThe Honeymooners
30%
Doug & CarrieKing of Queens
29%
Sookie & BillTrue Blood
23%

Score Distribution

Percentile by Number Answered

Percent of People with Each Score

Your Score History

You have not taken this quiz since the last reset